| 000 | 00934nam2a22002291 4500 | ||
|---|---|---|---|
| 001 | v19\rc\2091614 | ||
| 005 | 20250620035917.0 | ||
| 035 | _a(NLR Aleph) 005161665 | ||
| 090 |
_a4991990 _c4991990 |
||
| 100 | _a20081218d1915 |||y0rusy50 ca | ||
| 101 | 0 | _arus | |
| 102 | _aRU | ||
| 105 | _aa z ||||| | ||
| 200 | 0 | _a№ 2 | |
| 210 |
_d1915 _aБ. м. |
||
| 215 |
_a52 с. _cил. |
||
| 461 | 0 |
_1001v19\rc\2091612 _12001#$aКаталог машин и принадлежностей молочного хозяйства$e№ 1-$fТ-во "Добробут". Киев$v№ 2 _94991977 _a"Добробут", товарищество (Киев) _cКиев _d1914-1915 _fТ-во "Добробут". Киев _o№ 1- _tКаталог машин и принадлежностей молочного хозяйства _v№ 2 |
|
| 801 | 0 |
_aRU _bNLR _gpsbo |
|
| 801 | 1 |
_aRU _bProSoft-M _2rusmarc |
|
| 852 |
_aNLR _j37.58.4.148 |
||
| 942 | _cBOOK | ||
| 980 | _aNB | ||